000 00444nam a2200181Ia 4500
008 210210b xxu||||| |||| 00| 0 eng d
041 _aeng
082 _a874/76
100 _aCHANDRANKUMARATH SHANKARAN
245 _aMahakavi vallatholum abhijhana shakunthalavum
260 _a
_b-
_c
650 _avallatholum
650 _ashakunthalavum
650 _aMahakavi
650 _aabhijhana
690 _aMalayalam Criticism
906 _a002658
999 _c124625
_d124625